00489nam a2200169Ia 4500003000400000008004100004040001600045082001700061100001800078245007400096700001700170260006300187300001000250650001000260650002800270650002100298GCL140319s9999 xx 000 0 eng d aGCL / cGCL04a327.112bR W1 aROGERS, PETER10aWATER IN THE ARAB WOLRD: PERSPECTIVES AND PROGNOSES / cROGERS, PETER1 aLYDON, PETER a[S.N] : bTHE AMERICAN UNIVERSITY IN CAIRO PRESS ، c1996 a369 P04aWATER04aINTERNATIONAL RELATIONS04aWATER MANAGEMENT